Statistics for Flags of the World with Monochromatic Half

Click here to take the quiz!

General Stats

  • This quiz has been taken 72 times
  • The average score is 12 of 26

Answer Stats

COUNTRY% Correct
Vatican City
93%
Poland
89%
Monaco
86%
Indonesia
82%
Qatar
66%
Ukraine
66%
Bahrain
59%
Colombia
41%
Malta
34%
China
32%
Singapore
29%
Liechtenstein
23%
Zambia
18%
Chile
16%
Samoa
11%
Taiwan
11%
Tonga
9%
East Timor
2%

Score Distribution

Percentile by Number Answered

Percent of People with Each Score

Your Score History

You have not taken this quiz